Science Quiz

Random Science Quiz
Score 0/33 Timer 07:00
0 Plays Today
notation qualifier or weather phenomena % Correct
RARain
95.6%
SNSnow
92.4%
FGFog
86.1%
TSThunderstorm
85.2%
DZDrizzle
84.9%
-Light
83.1%
HZHaze
81.8%
+Heavy
80.5%
FZFreezing
80.5%
GSSmall Hail
78.5%
GRHail
75.6%
FCFunnel Cloud
74.5%
SHShowers
73.7%
BRMist
68.2%
SQSquall
65.5%
DUDust
65%
BLBlowing
60.2%
notation qualifier or weather phenomena % Correct
SASand
58.6%
FUSmoke
57.7%
PLIce Pellets
56.5%
VCIn The Vicinity
53.4%
VAVolcanic Ash
48.7%
DSDuststorm
48.4%
SSSandstorm
47.8%
SGSnow Grains
47%
UPUnknown Precipitation
45.2%
DRLow Drifting
42.4%
MIShallow
36.5%
ICIce Crystals
36.3%
BCPatches
32.5%
PRPartial
28.7%
PYSpray
24.1%
POWell Developed Dust Whirls
18.6%

You're not logged in!

Compare scores with friends on all Sporcle quizzes.
OR
Log In

Sporcle TV

Today on Sporcle TV


Watch our educational content, quiz creation guides, and fun videos on Sporcle TV.

Show Comments

Extras

Top Quizzes Today


Score Distribution

Paid Content

Your Account Isn't Verified!

In order to create a playlist on Sporcle, you need to verify the email address you used during registration. Go to your Sporcle Settings to finish the process.

Report this User

Report this user for behavior that violates our Community Guidelines.

Details: